Engineering hydrology / (Record no. 11763)

MARC details
000 -LEADER
fixed length control field 01161cam a2200325 i 4500
001 - CONTROL NUMBER
control field 15444316
003 - CONTROL NUMBER IDENTIFIER
control field EG-ScBUE
005 - DATE AND TIME OF LATEST TRANSACTION
control field 20260121094423.0
008 - FIXED-LENGTH DATA ELEMENTS--GENERAL INFORMATION
fixed length control field 080909s2008 enka f b 001 0 eng d
020 ## - INTERNATIONAL STANDARD BOOK NUMBER
International Standard Book Number 0195694619
020 ## - INTERNATIONAL STANDARD BOOK NUMBER
International Standard Book Number 9780195694611
040 ## - CATALOGING SOURCE
Original cataloging agency DLC
Language of cataloging eng
Description conventions rda
Transcribing agency DLC
Modifying agency DLC
-- EG-ScBUE
082 04 - DEWEY DECIMAL CLASSIFICATION NUMBER
Edition number 22
Classification number 551.57
Item number OJH
100 1# - MAIN ENTRY--PERSONAL NAME
Personal name Ojha, C. Shekhar P.,
Relator term author.
9 (RLIN) 5882
245 10 - TITLE STATEMENT
Title Engineering hydrology /
Statement of responsibility, etc C.S.P. Ojha, R. Berndtsson, P. Bhunya.
264 #1 - PUBLICATION, DISTRIBUTION, ETC. (IMPRINT)
Place of publication, distribution, etc Oxford ;
-- New York :
Name of publisher, distributor, etc Oxford University Press,
Date of publication, distribution, etc 2008.
300 ## - PHYSICAL DESCRIPTION
Extent xiii, 445 pages :
Other physical details illustrations ;
Dimensions 24 cm.
336 ## - CONTENT TYPE
Source rdacontent
Content type term text
Content type code txt
337 ## - MEDIA TYPE
Media type term unmediated
Source rdamedia
Media type code n
338 ## - CARRIER TYPE
Carrier type term volume
Carrier type code nc
Source rdacarrier
490 0# - SERIES STATEMENT
Series statement Oxford higher education
504 ## - BIBLIOGRAPHY, ETC. NOTE
Bibliography, etc Includes bibliographical references and index.
650 #7 - SUBJECT ADDED ENTRY--TOPICAL TERM
Topical term or geographic name as entry element Hydrology
Form subdivision Textbooks.
Source of heading or term BUEsh
9 (RLIN) 5883
650 #7 - SUBJECT ADDED ENTRY--TOPICAL TERM
Topical term or geographic name as entry element Hydraulic engineering
Form subdivision Textbooks.
Source of heading or term BUEsh
9 (RLIN) 5884
655 ## - INDEX TERM--GENRE/FORM
Form subdivision Reading book
700 1# - ADDED ENTRY--PERSONAL NAME
Personal name Berndtsson, R.,
Relator term author.
9 (RLIN) 5885
700 1# - ADDED ENTRY--PERSONAL NAME
Personal name Bhunya, P.,
Relator term author.
9 (RLIN) 5886
856 42 - ELECTRONIC LOCATION AND ACCESS
Materials specified Publisher description
Uniform Resource Identifier <a href="http://www.loc.gov/catdir/enhancements/fy0907/2008276835-d.html">http://www.loc.gov/catdir/enhancements/fy0907/2008276835-d.html</a>
942 ## - ADDED ENTRY ELEMENTS (KOHA)
Source of classification or shelving scheme Dewey Decimal Classification
Koha item type Book - Borrowing
Holdings
Withdrawn status Lost status Source of classification or shelving scheme Damaged status Not for loan Collection code Home library Current library Shelving location Date acquired Source of acquisition Cost, normal purchase price Serial Enumeration / chronology Total Checkouts Full call number Barcode Date last seen Price effective from Koha item type
    Dewey Decimal Classification     Baccah Central Library Central Library First floor 08/06/2009   93.60 7117   551.57 OJH 000016661 15/07/2025 08/06/2009 Book - Borrowing